| Tag |
First Indicator |
Second Indicator |
Subfields |
| LEADER |
00000cam a2200000 a 4500 |
| 001 |
in00000018842 |
| 005 |
20151007054059.0 |
| 008 |
880126s1987 nyu 00011 eng d |
| 010 |
|
|
|a 87081201
|
| 020 |
|
|
|a 1555540201 :
|c $17.95
|
| 035 |
|
|
|a (OCoLC)17392574
|
| 035 |
|
|
|9 AAB3919AM
|
| 040 |
|
|
|a ZXC
|c ZXC
|d DPL
|d JED
|d UMC
|d TXA
|d UtOrBLW
|
| 041 |
1 |
|
|a eng
|h rus
|
| 049 |
|
|
|a TXAM
|c [A11052562]
|
| 050 |
|
4 |
|a PG3478.K7
|b A2 1987
|
| 100 |
1 |
|
|a Aksenov, Vasiliĭ,
|d 1932-2009.
|
| 240 |
1 |
0 |
|a Works.
|k Selections.
|l English.
|f 1987
|
| 245 |
1 |
0 |
|a Quest for an island /
|c by Vassily Aksyonov.
|
| 250 |
|
|
|a 1st ed.
|
| 264 |
|
1 |
|a New York :
|b PAJ Publications,
|c [1987]
|
| 264 |
|
4 |
|c ©1987
|
| 300 |
|
|
|a 246 pages ;
|c 23 cm.
|
| 336 |
|
|
|a text
|b txt
|2 rdacontent
|
| 337 |
|
|
|a unmediated
|b n
|2 rdamedia
|
| 338 |
|
|
|a volume
|b nc
|2 rdacarrier
|
| 505 |
0 |
|
|a Destruction of Pompeii -- Looking for climatic asylum -- The hollow herring -- Quest for an island -- The four temperaments -- The heron.
|
| 999 |
|
|
|a MARS
|
| 999 |
f |
f |
|s 2470bc3d-2da9-376e-b679-b56ca8b7213c
|i baca1344-840d-3982-a562-5e0018876f0a
|t 0
|
| 952 |
f |
f |
|p ric
|a Texas A&M University
|b Rellis Campus
|c Joint Library Facility
|d Remote Storage
|t 0
|e PG3478.K7 A2 1987
|h Library of Congress classification
|i unmediated -- volume
|m A14811052562
|
| 998 |
f |
f |
|a PG3478.K7 A2 1987
|t 0
|l Remote Storage
|